000 01047nam a22002537a 4500
005 2011062403353.0
010 _aB-430934
020 _a9780195666182
_c545.00
020 _a0195666186
_c545.00
035 _aB-430934
037 _bOxford University Press
037 _bAllied Pub/Ven
082 _a305.8948
100 _aDube, S.C.
_929340
245 _aThe Kamar /
_cby S.C. Dube
260 _aNew Delhi
_bOxford University Press
_c2004
270 _aYMCA Library Building, Jai Singh Road
_bNew Delhi
_e110001
300 _axxvii, 240p.
_c24cm(Hb)
500 _aincludes index
942 _2ddc
_cEN
_mDUB
_h305.8948
999 _c53128
_d53128